000 004520000a22001810004500
003 MACL
005 20150703141846.0
008 150703b xxu||||| |||| 00| 0 eng d
040 _aMACL
_cMACL
041 _aEnglish
082 _a300/GAU
100 _aGaur, Dr Mahendra
_9456
245 _aThe Forest Rights of Tribals
260 _bAlfa Publications
_c2008
_aNew Delhi
350 _a690
650 _aSocial Science
_929
942 _cBK
_k300/GAU
_2ddc
999 _c42308
_d42308